000 01057nmm a2200301 a 4500
001 ocm0001231995
003 TR-IsHL
005 20201028155659.0
008 150709s2015 tu tur
007 cr cn
020 _a9786059960113
035 _a1231995
_b(N$T)
050 0 4 _aDR442
_b.S39 2015
090 0 4 _aDR442
_b.S39 2015
100 1 _aSayın, Mehmet
245 1 0 _aÜlkücü hafıza
_h[electronic resource] /
_cMehmet Sayın ; editör Cengiz Zengin
260 _aİstanbul :
_bBilgeoğuz Yayınları,
_c2015
300 _a157 p.
650 4 _aPolitika ve Uluslararası İlişkiler
650 4 _aPolitics and International Relations
650 0 _aMilliyetçilik
650 0 _aNationalism
650 0 _aTürkiye
_xSiyaset ve yönetim
_x1960-1980
650 0 _aTurkey
_xPolitics and government
_x1960-1980
650 7 _aPOLITICAL SCIENCE / Political Ideologies / Nationalism & Patriotism
_2bisacsh
700 1 _aZengin, Cengiz
856 4 0 _uhttp://search.ebscohost.com/login.aspx?direct=true&scope=site&db=e011xww&AN=1231995
999 _c13209
_d13209